All nations that scored point in Formula 1 - Statistics

General Stats
  • This quiz has been taken 462 times
  • The average score is 26 of 34
Answer Stats
Body Nation % Correct
3 487,47 France
96%
10 700,78 United Kingdom
95%
7 952,50 Germany
94%
3 044,50 Spain
93%
3 421 Brazil
92%
2 836,50 Australia
90%
2 040,80 Italy
90%
998 USA
90%
255 Japan
88%
4 391,50 Finland
87%
2 159,50 Netherlands
87%
8 China
86%
267 Russia
86%
697,42 Argentina
85%
572 Canada
84%
1 400 Mexico
84%
990,50 Austria
82%
8 Portugal
79%
906 Monaco
78%
383 Belgium
77%
396 Sweden
75%
274 Poland
74%
282 South Africa
68%
5 India
67%
186 Denmark
66%
541,50 New Zeeland
66%
348 Switzerland
65%
307 Colombia
64%
210 Thailand
59%
16 Ireland
56%
1 Hungary
55%
77 Venezuela
55%
3 Chile
50%
6 Rhodesia
14%
No matching quizzes found
Score Distribution
Percent of People with Each Score
Percentile by Number Answered
Your Score History
You have not taken this quiz